| 000 | 00549nam a22001817a 4500 | ||
|---|---|---|---|
| 003 | OSt | ||
| 005 | 20260313003600.0 | ||
| 008 | 260313b |||||||| |||| 00| 0 eng d | ||
| 020 | _a971-23-4207-7 | ||
| 040 |
_aDWCL Main lib _cOC |
||
| 082 |
_22005 ed. _aFil. 342.2 D377 2005 |
||
| 100 | _aDe Leon, Hector S. | ||
| 245 |
_aTextbook on the philippine constitution _cHector S. De Leon |
||
| 250 | _a2005 ed. | ||
| 260 |
_aManila, Philippines : _bRex Book Store, _cc2005 |
||
| 300 |
_axlx, 530 p. ; _c25 cm. |
||
| 942 |
_2ddc _cBK - FIL _e2005 ed. _kFil. _n0 |
||
| 999 |
_c9063 _d9063 |
||